000
00304nam a22001097a 4500
082
_a
600
245
_a
TARGET JEE ADVANCED 2025 previous 12 year wise solved papers 1 &2 (2013-2024) & 5 mock tests
250
_a
19th
260
_a
new delhi
_D
Disha Publication
_c
2024
650
_a
Technology
942
_c
BK
999
_c
67252
_d
67252